Devinez le Département Mystère #84 - Statistiques

Statistiques générales
  • Ce quiz a été pris 163 fois
  • Le résultat moyen est 29 sur 37
Statistiques - réponses
Type de Réponse Réponse % Correct
Lettre de l'Alphabet A
100%
Lettre Trouvée E
100%
Lettre de l'Alphabet N
99%
Lettre Trouvée O
99%
Lettre Trouvée R
99%
Lettre Trouvée I
98%
Lettre Trouvée T
97%
Lettre de l'Alphabet S
96%
Lettre de l'Alphabet D
95%
Lettre Trouvée L
95%
Lettre de l'Alphabet U
95%
Lettre Trouvée H
92%
Lettre Trouvée C
90%
Lettre de l'Alphabet M
86%
Lettre de l'Alphabet B
83%
Lettre de l'Alphabet V
83%
Lettre de l'Alphabet G
81%
Lettre de l'Alphabet P
79%
Lettre de l'Alphabet Y
74%
Lettre de l'Alphabet F
73%
Lettre de l'Alphabet Q
67%
Lettre de l'Alphabet Z
67%
Lettre Bien Placée E
66%
Lettre de l'Alphabet J
66%
Lettre Bien Placée R
66%
Lettre Bien Placée T
66%
Lettre Bien Placée C
65%
Lettre Bien Placée E
65%
Lettre Bien Placée H
65%
Lettre Bien Placée I
65%
Lettre de l'Alphabet K
65%
Lettre Bien Placée L
65%
Département Mystère Loir-et-Cher
65%
Lettre Bien Placée O
65%
Lettre Bien Placée R
65%
Lettre de l'Alphabet W
65%
Lettre de l'Alphabet X
65%
Aucun quiz correspondant
Distribution des résultats
% des personnes avec chaque résultat
Percentile par nombre de réponses
Votre historique - résultats
Vous n’avez pas pris ce quiz